000 00566nam a2200217Ia 4500
008 101110s9999 xx 000 0 und d
041 _aMARATHI
082 _bJR6318
100 _aPawar S.B.
245 _aYashasvi udyogakachi panchatantre
260 _c2008
_bShubham bahu udeshiya margadarshan saunstha, Pune
300 _a108
365 _b150
520 _acommerce
546 _aMARATHI
630 _aYashasvi udyogakachi panchatantre
650 _acommerce
655 _acommerce
730 _aYashasvi udyogakachi panchatantre
942 _cBOOK
999 _c797111
_d797108